[Event "NOR-ch corr"]
[Site "Norway"]
[Date "2000.??.??"]
[Round "?"]
[White "Sterud, Edvard"]
[Black "Klausen, Tor Arne"]
[Result "0-1"]
[WhiteElo "2203"]
[BlackElo "2198"]
[PlyCount "58"]
[EventDate "2000.01.03"]
[EventType "tourn (corr)"]
[EventRounds "10"]
[EventCountry "NOR"]
[SourceTitle "Corr 2002"]
[Source "ChessBase"]
[SourceDate "2002.05.23"]
[SourceVersion "1"]
[SourceVersionDate "2002.05.23"]
[SourceQuality "1"]

1. d4 Nf6 2. c4 e6 3. Nc3 Bb4 4. Qc2 d5 5. cxd5 Qxd5 6. Nf3 Qf5 7. Qd1 Bd7 8. Qb3 Nc6 9. Bd2 0-0 10. h3 a5 11. e3 Bd6 12. Be2 e5 13. g4 Qg6 14. dxe5 Nxe5 15. Nxe5 Bxe5 16. Qxb7 Rab8 17. Qa6 Rxb2 18. Qxa5 Re8 19. Rc1 Ne4 20. Nxe4 Qxe4 21. f3 Bg3+ 22. Kf1 Qb7 23. a4 Ra8 24. Qc3 Bxa4 25. Qd4 Bb5 26. Kg1 Bxe2 27. Bc3 f6 28. Bxb2 Qxf3 29. e4 Kh8 0-1